000 00283nam a22001337a 4500
008 171031b xxu||||| |||| 00| 0 eng d
020 _a9780072430783
041 _aeng
080 _a33
100 _a58
101 _aBUS
245 _aACESS REGULAR TEXT
_cHOL.B
942 _2udc
_cBK
999 _c36805
_d36805